[Event "BCF-ch 103rd U160/1900"]
[White "Hodge, Nicholas A"]
[Black "Nickals, Peter A"]
[Site "Bournemouth"]
[Round "5"]
[Result "1/2-1/2"]
[Date "2016.08.05"]
[WhiteElo "1254"]
[BlackElo "1671"]
[PlyCount "75"]
[EventDate "2016.08.01"]
[EventType "swiss"]
[EventRounds "5"]
[EventCountry "ENG"]
[SourceTitle "EXT 2019"]
[Source "ChessBase"]
[SourceDate "2018.10.10"]
[SourceVersion "1"]
[SourceVersionDate "2018.10.10"]
[SourceQuality "1"]

1. d4 g6 2. Nf3 Bg7 3. Bf4 d6 4. c3 Nf6 5. h3 Nbd7 6. e3 c5 7. Bd3 a6 8. 0-0 b5 9. Qe2 0-0 10. Nbd2 Re8 11. Ne4 Bb7 12. Nxf6+ Bxf6 13. e4 cxd4 14. cxd4 e5 15. dxe5 dxe5 16. Be3 Qe7 17. Rac1 Rac8 18. a4 Rxc1 19. Rxc1 bxa4 20. Rc7 Ba8 21. Bxa6 Qd6 22. Qc4 Bxe4 23. Rxd7 Qxd7 24. Qxe4 Bg7 25. Qc4 Rb8 26. Ng5 h6 27. Ne4 Qd1+ 28. Kh2 Rxb2 29. Qc8+ Kh7 30. Qe8 Qb3 31. Nd6 a3 32. Nxf7 a2 33. Bxh6 a1Q 34. Bxg7 Kxg7 35. Nxe5 Qxa6 36. Qf7+ Kh8 37. Qf8+ Kh7 38. Qf7+ 1/2-1/2

[Event "BCF-ch 103rd U160/1900"]
[White "Nickals, Peter A"]
[Black "Ramdewar, Ishan"]
[Site "Bournemouth"]
[Round "1"]
[Result "1-0"]
[Date "2016.08.01"]
[WhiteElo "1671"]
[BlackElo "1798"]
[PlyCount "45"]
[EventDate "2016.08.01"]
[EventType "swiss"]
[EventRounds "5"]
[EventCountry "ENG"]
[SourceTitle "EXT 2019"]
[Source "ChessBase"]
[SourceDate "2018.10.10"]
[SourceVersion "1"]
[SourceVersionDate "2018.10.10"]
[SourceQuality "1"]

1. Nf3 d5 2. g3 Nf6 3. Bg2 c5 4. d3 Nc6 5. 0-0 e6 6. Nbd2 Be7 7. c4 0-0 8. a3 b6 9. Rb1 Bb7 10. Nb3 Qd7 11. Qc2 Rad8 12. Bd2 Rfe8 13. Na1 d4 14. b4 Bd6 15. bxc5 bxc5 16. Bg5 Rb8 17. Bxf6 gxf6 18. Nb3 Qe7 19. Qd2 Ba8 20. Qh6 Rb6 21. Nbd2 Reb8 22. Rxb6 axb6 23. Ne4 1-0

[Event "Southend op 59th"]
[White "Ahluwalia, Amardip"]
[Black "Nickals, Peter A"]
[Site "Southend"]
[Round "5"]
[Result "1-0"]
[Date "2015.04.05"]
[WhiteElo "1713"]
[BlackElo "1670"]
[PlyCount "37"]
[EventDate "2015.04.03"]
[EventType "swiss"]
[EventRounds "7"]
[EventCountry "ENG"]
[SourceTitle "EXT 2017"]
[Source "ChessBase"]
[SourceDate "2016.10.25"]
[SourceVersion "1"]
[SourceVersionDate "2016.10.25"]
[SourceQuality "1"]

1. e4 g6 2. d4 Bg7 3. Nc3 d6 4. Be3 c6 5. Qd2 b5 6. Bd3 a5 7. Nf3 h5 8. h3 Bd7 9. 0-0 Na6 10. Rfe1 Nc7 11. Rad1 Qc8 12. Bf1 Nh6 13. Bf4 f6 14. e5 Ne6 15. exf6 Nxf4 16. fxg7 Nxh3+ 17. gxh3 Rh7 18. Qxh6 Rxg7 19. Qxg7 1-0

[Event "Southend op 59th"]
[White "Nickals, Peter A"]
[Black "Davies, Robert JV"]
[Site "Southend"]
[Round "6"]
[Result "1-0"]
[Date "2015.04.05"]
[WhiteElo "1670"]
[BlackElo "1675"]
[PlyCount "49"]
[EventDate "2015.04.03"]
[EventType "swiss"]
[EventRounds "7"]
[EventCountry "ENG"]
[SourceTitle "EXT 2017"]
[Source "ChessBase"]
[SourceDate "2016.10.25"]
[SourceVersion "1"]
[SourceVersionDate "2016.10.25"]
[SourceQuality "1"]

1. Nf3 Nf6 2. g3 d5 3. Bg2 Bg4 4. d3 e6 5. Nbd2 Nbd7 6. c4 c6 7. a3 Bd6 8. b4 a6 9. Bb2 0-0 10. 0-0 Re8 11. Rc1 e5 12. cxd5 cxd5 13. e4 d4 14. Nc4 Bc7 15. h3 Be6 16. Ng5 b5 17. Nxe6 Rxe6 18. Nd2 Nb6 19. Nf3 h6 20. h4 Na4 21. Ba1 Rc8 22. Bh3 a5 23. Bxe6 fxe6 24. Qb3 Kf7 25. bxa5 1-0

[Event "Southend op 59th"]
[White "Nickals, Peter A"]
[Black "Williamson, Kevin J"]
[Site "Southend"]
[Round "2"]
[Result "0-1"]
[Date "2015.04.03"]
[WhiteElo "1670"]
[BlackElo "1979"]
[PlyCount "114"]
[EventDate "2015.04.03"]
[EventType "swiss"]
[EventRounds "7"]
[EventCountry "ENG"]
[SourceTitle "EXT 2017"]
[Source "ChessBase"]
[SourceDate "2016.10.25"]
[SourceVersion "1"]
[SourceVersionDate "2016.10.25"]
[SourceQuality "1"]

1. Nf3 Nc6 2. g3 d5 3. Bg2 e5 4. d3 f6 5. Nbd2 Be6 6. a3 Qd7 7. h4 h5 8. b4 Nh6 9. Bb2 Be7 10. Rc1 d4 11. c4 dxc3 12. Bxc3 a6 13. Bb2 0-0 14. Qc2 Bd5 15. 0-0 Rac8 16. Nb3 Ng4 17. Nc5 Bxc5 18. Qxc5 Ne7 19. Nh2 Bxg2 20. Kxg2 Nxh2 21. Kxh2 c6 22. f4 exf4 23. Rxf4 Nd5 24. Rf3 Rce8 25. e4 Qg4 26. Rcf1 Ne7 27. Qc4+ Kh7 28. e5 Qxc4 29. dxc4 f5 30. Bd4 g6 31. Bc5 Rf7 32. Bd6 Ng8 33. Rd3 Nh6 34. Re1 Ng4+ 35. Kg1 Re6 36. Kf1 f4 37. Rf3 Nh2+ 38. Kg2 Nxf3 39. Kxf3 fxg3+ 40. Kxg3 g5 41. hxg5 Kg6 42. Re4 Kxg5 43. Bc5 Rf1 44. Bd4 Kf5 45. Rh4 Rg6+ 46. Kh2 Kg5 47. Re4 Re6 48. Kg3 Rd1 49. Bb2 Rd3+ 50. Kf2 Rd2+ 51. Re2 Rxe2+ 52. Kxe2 Kf5 53. Kf3 Rxe5 54. Bxe5 Kxe5 55. Kg3 Kd4 56. c5 Kc4 57. Kh4 Kb3 0-1

[Event "BCF-ch U160"]
[White "Desmedt, Richard E"]
[Black "Nickals, Peter A"]
[Site "Aberystwyth"]
[Round "1"]
[Result "0-1"]
[Date "2014.07.28"]
[WhiteElo "153"]
[BlackElo "143"]
[PlyCount "92"]
[EventDate "2014.07.28"]
[EventType "swiss"]
[EventRounds "5"]
[EventCountry "WLS"]
[SourceTitle "EXT 2017"]
[Source "ChessBase"]
[SourceDate "2016.10.25"]
[SourceVersion "1"]
[SourceVersionDate "2016.10.25"]
[SourceQuality "1"]

1. e4 g6 2. d4 Bg7 3. Nc3 d6 4. Be3 c6 5. Nge2 b5 6. a3 a5 7. Ng3 h5 8. Bd3 h4 9. Nge2 h3 10. g3 Bg4 11. Qd2 Bf3 12. Rg1 Nf6 13. e5 Ng4 14. e6 fxe6 15. Bxg6+ Kd7 16. d5 exd5 17. Bf5+ Kc7 18. Bxg4 Bxg4 19. Nd4 e5 20. Ndxb5+ Kb7 21. Nxd5 cxb5 22. Nb6 Ra6 23. Qd5+ Nc6 24. Qxb5 Rxb6 25. Bxb6 Qxb6 26. Qd5 Rd8 27. Qf7+ Rd7 28. Qg6 Qxb2 29. Kd2 Qd4+ 30. Qd3 Bh6+ 31. f4 exf4 32. Qxd4 Nxd4 33. Kd3 Nf3 34. Rgb1+ Ka6 35. Rb3 Ne5+ 36. Ke4 f3 37. Rab1 Nc4 38. Kd5 Nd2 39. Rb6+ Ka7 40. R1b5 Be3 41. Rc6 f2 42. Rxa5+ Kb8 43. Rca6 Bf3+ 44. Ke6 Rh7 45. Rb5+ Rb7 46. Rf5 Bg4 0-1